000 01104naa a2200241 4500
005 20110623140035.0
010 _aB-430930
020 _a9780195670592
_c625.00
035 _aB-430930
037 _bOxford University Press
037 _bAllied Pub/Ven
082 _a615.53
100 _aLangford, Jean M.
_929041
245 _aFluent bodies:
_bayurvedic remedies for postcolonial imbalance /
_cby Jean M. Langford
260 _aNew Delhi
_bOxford University Press
_c2004
270 _aYMCA Library Building, Jai Singh Road
_bNew Delhi
_e110001
300 _ax, 311p
_c22cm (Hb)
_bill.
500 _aIncludes bibliographical references and index
942 _2ddc
_cEN
_mLAN
_h615.53
999 _c53102
_d53102